| 000 | 00497nam a2200145Ia 4500 | ||
|---|---|---|---|
| 999 |
_c10969 _d10969 |
||
| 082 | _aRB.0076 | ||
| 100 | _aBhandari, S.K.R. Comp | ||
| 245 | 0 |
_aBanaras Hindu University Working Group on Central Office- Finance Branch : _bA report |
|
| 260 |
_c1972 _bBanaras Hindu University |
||
| 300 | _a226p+appen | ||
| 650 | _aBANARAS HINDU UNIVERSITY - FINANCE | ||
| 650 | _aUNIVERSITIES AND COLLEGES - FINANCE///BANARAS HINDU UNIVERSITY - FINANCE | ||
| 710 | _aBanaras Hindu University | ||
| 942 |
_cRP _2ddc |
||